Normal view
MARC view
- Woodhouse, N. M. J.
Entry Personal Name
001 - CONTROL NUMBER
- control field: 82597
003 - CONTROL NUMBER IDENTIFIER
- control field: NUST
005 - DATE AND TIME OF LATEST TRANSACTION
- control field: 20210922122630.0
008 - FIXED-LENGTH DATA ELEMENTS
- fixed length control field: 210922|| aca||aabn | a|a d
040 ## - CATALOGING SOURCE
- Original cataloging agency: NUST
- Transcribing agency: NUST
100 ## - HEADING--PERSONAL NAME
- Personal name: Woodhouse, N. M. J.
- Fuller form of name: (Nicholas Michael John),
- Dates associated with a name: 1949-
670 ## - SOURCE DATA FOUND
- Source citation: Work cat.: (NUST)32495: Woodhouse, N. M. J. (Nicholas Michael John), 1949-, Introduction to analytical dynamics /, c2009.
